Záujem o prácu je veľký

Bibliographic Details
Main Author: (Rši) (Author)
Format: Article
Language:Slovak
Subjects:

MARC

LEADER 00000nab a2200000 a 4500
001 vtls001008015
003 SK-MaSNL
005 20260305042635.0
008 040720e20000815xo 0 slo
035 |a RV8615 
040 |a RVGKPD  |b slo  |c RVGKPD  |e AACR2 
041 0 |a slo 
044 |a xo  |c SK 
080 |a 331.56  |2 1981 
100 0 |a (Rši)  |4 aut  |9 1024582 
245 1 0 |a Záujem o prácu je veľký 
650 0 7 |a nezamestnaní  |2 RVGKPD  |9 18893 
650 0 7 |a verejnoprospešné práce  |2 RVGKPD  |9 2334 
651 7 |a Rožňava (Slovensko : okres)  |2 RVGKPD  |9 19215 
655 7 |a periodikum  |2 snkbucl  |9 29553 
773 0 8 |t Týždeň v Gemeri  |g Roč. 1, č.25, 15.8.2000, s. 1 
852 |a ZVYKNI  |b KIS3GCP 
999 |c 3350366  |d 3352296